The parole performance of offenders released from shock incarceration boot camp prisons: A survival time analysis
| 1. VerfasserIn: | |
|---|---|
| Medienart: | Druck Aufsatz |
| Sprache: | Englisch |
| Veröffentlicht: |
1991
|
| In: |
Journal of quantitative criminology
Jahr: 1991, Band: 7, Heft: 3, Seiten: 213-236 |
| Bestand in Tübingen: | In Tübingen vorhanden. IFK: 7277 |
| Verfügbarkeit prüfen: | HBZ Gateway |
| Schlagwörter: |
MARC
| LEADER | 00000caa a22000002c 4500 | ||
|---|---|---|---|
| 001 | 1640346376 | ||
| 003 | DE-627 | ||
| 005 | 20250321231737.0 | ||
| 007 | tu | ||
| 008 | 160223s1991 xx ||||| 00| ||eng c | ||
| 035 | |a (DE-627)1640346376 | ||
| 035 | |a (DE-576)456122400 | ||
| 035 | |a (DE-599)BSZ456122400 | ||
| 040 | |a DE-627 |b ger |c DE-627 |e rakwb | ||
| 041 | |a eng | ||
| 100 | 1 | |8 1\p |a MacKenzie, Doris L. |d 1943- |0 (DE-588)1055756795 |0 (DE-627)792709853 |0 (DE-576)411232703 |4 aut | |
| 109 | |a MacKenzie, Doris L. 1943- |a MacKenzie, Doris 1943- |a Layton-MacKenzie, Doris 1943- |a MacKenzie, Doris Layton 1943- |a Layton MacKenzie, Doris 1943- | ||
| 245 | 1 | 4 | |a The parole performance of offenders released from shock incarceration boot camp prisons: A survival time analysis |c Doris Layton MacKenzie |
| 264 | 1 | |c 1991 | |
| 336 | |a Text |b txt |2 rdacontent | ||
| 337 | |a ohne Hilfsmittel zu benutzen |b n |2 rdamedia | ||
| 338 | |a Band |b nc |2 rdacarrier | ||
| 773 | 0 | 8 | |i In |t Journal of quantitative criminology |d Dordrecht : Springer, 1985 |g 7(1991), 3, Seite 213-236 |w (DE-627)166962260 |w (DE-600)353979-9 |w (DE-576)015411672 |x 0748-4518 |7 nnas |
| 773 | 1 | 8 | |g volume:7 |g year:1991 |g number:3 |g pages:213-236 |
| 776 | 1 | |o 10.1007/BF01063232 | |
| 883 | |8 1\p |a cgwrk |d 20250301 |q DE-101 |u https://d-nb.info/provenance/plan#cgwrk | ||
| 935 | |a mkri | ||
| 951 | |a AR | ||
| ELC | |b 1 | ||
| LOK | |0 000 xxxxxcx a22 zn 4500 | ||
| LOK | |0 001 330194471X | ||
| LOK | |0 003 DE-627 | ||
| LOK | |0 004 1640346376 | ||
| LOK | |0 005 20160223101713 | ||
| LOK | |0 008 160208||||||||||||||||ger||||||| | ||
| LOK | |0 040 |a DE-21-110 |c DE-627 |d DE-21-110 | ||
| LOK | |0 689 |a s |a Strafvollzug | ||
| LOK | |0 689 |a s |a Sanktionenforschung | ||
| LOK | |0 689 |a s |a Bewährung | ||
| LOK | |0 689 |a s |a Shock Incarceration | ||
| LOK | |0 689 |a s |a USA | ||
| LOK | |0 689 |a s |a Strafrestaussetzung | ||
| LOK | |0 689 |a s |a Boot Camp | ||
| LOK | |0 689 |a s |a Jugendstrafvollzug | ||
| LOK | |0 689 |a s |a Bewährungshilfeforschung | ||
| LOK | |0 852 |a DE-21-110 | ||
| LOK | |0 852 1 |c 7277 |m p |9 00 | ||
| LOK | |0 935 |a k110 | ||
| LOK | |0 938 |k p | ||
| LOK | |0 939 |a 08-02-16 |b l01 | ||
| ORI | |a SA-MARC-krimdoka001.raw | ||
| SIG | |a IFK: 7277 | ||
